ARRUPE JESUIT UNIVERSITY

CORONAVIRUS -STOP THE SPREAD - CLEAN,DISINFECT,COVER

Zimbabwean archaeology in the post-independence era / (Record no. 129607)

MARC details
000 -LEADER
fixed length control field 01030cam a2200301 i 4500
001 - CONTROL NUMBER
control field 17959614
003 - CONTROL NUMBER IDENTIFIER
control field ARRUPE
005 - DATE AND TIME OF LATEST TRANSACTION
control field 20190521103106.0
008 - FIXED-LENGTH DATA ELEMENTS--GENERAL INFORMATION
fixed length control field 131202s2013 rh a b 000 0 eng
010 ## - LIBRARY OF CONGRESS CONTROL NUMBER
LC control number 2013439490
020 ## - INTERNATIONAL STANDARD BOOK NUMBER
International Standard Book Number 9780797456341
040 ## - CATALOGING SOURCE
Original cataloging agency DLC
Language of cataloging eng
Transcribing agency DLC
Description conventions rda
042 ## - AUTHENTICATION CODE
Authentication code lcode
-- pcc
043 ## - GEOGRAPHIC AREA CODE
Geographic area code f-rh---
050 00 - LIBRARY OF CONGRESS CALL NUMBER
Classification number DT2906
Item number Z56 2013
300 ## - PHYSICAL DESCRIPTION
Other physical details illustrations (some color) ;
Dimensions 24 cm
245 00 - TITLE STATEMENT
Title Zimbabwean archaeology in the post-independence era /
Statement of responsibility, etc edited by Munyaradzi Manyanga and Seke Katsamudanga.
260 ## - PUBLICATION, DISTRIBUTION, ETC. (IMPRINT)
Place of publication, distribution, etc Harare
Name of publisher, distributor, etc Sapes Books
Date of publication, distribution, etc 2013
300 ## - PHYSICAL DESCRIPTION
Extent xiv, 270 p. :
504 ## - BIBLIOGRAPHY, ETC. NOTE
Bibliography, etc Includes bibliographical references.
651 #0 - SUBJECT ADDED ENTRY--GEOGRAPHIC NAME
Geographic name Zimbabwe
General subdivision Antiquities.
9 (RLIN) 9546
700 1# - ADDED ENTRY--PERSONAL NAME
Personal name Manyanga, Munyaradzi,
Relator term editor.
9 (RLIN) 44398
700 1# - ADDED ENTRY--PERSONAL NAME
Personal name Katsamudanga, Seke,
Relator term editor.
9 (RLIN) 46408
906 ## - LOCAL DATA ELEMENT F, LDF (RLIN)
a 7
b cbc
c origode
d 3
e ncip
f 20
g y-gencatlg
942 ## - ADDED ENTRY ELEMENTS (KOHA)
Source of classification or shelving scheme Library of Congress Classification
Koha item type Monograph ( Printed materials)
Holdings
Withdrawn status Lost status Source of classification or shelving scheme Damaged status Not for loan Collection code Home library Current library Shelving location Date acquired Total Checkouts Full call number Barcode Date last seen Price effective from Koha item type
    Library of Congress Classification     Main Collection ARRUPE LIBRARY ARRUPE LIBRARY Main Collection 21/05/2019   DT2906 Z56 2013 46600004771 21/05/2019 21/05/2019 Monograph ( Printed materials)
    Library of Congress Classification     Main Collection ARRUPE LIBRARY ARRUPE LIBRARY Main Collection 21/05/2019   DT2906 Z56 2013 46600004773 21/05/2019 21/05/2019 Monograph ( Printed materials)

 

Arrupe Library. PO Box MP320 Mt Pleasant, Harare, Zimbabwe
263 242 745411|librarian@aju.ac.zw